000
00187 a2200097 4500
001
20550
100
_a
G S I
245
_a
Popular science
260
_a
_b
G S I
_c
090
_c
14943
_d
14943
942
_a
NUST-CAE
_c
M
_c
5495
999
_c
255623
_d
255623